Čtyři přirozenosti duše, aneb, Jak jsem smiřovala Freuda, Junga, Kleinovou a Piageta a našla Boha /

Hlavní autor: Hoigrová, Milada, 1952-
Jazyk: Čeština
Vydáno: Praha : Malvern, 2013
Vydání: Vyd. 1.
Témata:
Fyzický popis: 343 s. ; 20 cm
Knihy
Uloženo v:
LEADER 02075nam a2200589 a 4500
001 nkc20132485176
003 CZ PrNK
005 20140627065922.0
007 ta
008 130827s2013 xr e 000 0 cze
015 |a cnb002485176 
020 |a 978-80-87580-47-9  |q (brož.) 
035 |a (OCoLC)859739528 
040 |a ABA001  |b cze 
072 7 |a 159.96  |x Zvláštní duševní stavy a procesy. Hlubinná psychologie  |2 Konspekt  |9 17 
080 |a 159.964.2:21/29-1/-9  |2 MRF 
080 |a 159.9.016.1  |2 MRF 
080 |a 2-12/-17-264-027.14  |2 MRF 
080 |a 2-582/-587  |2 MRF 
080 |a 133.2  |2 MRF 
080 |a 133  |2 MRF 
080 |a 141.331  |2 MRF 
080 |a (049)  |2 MRF 
100 1 |a Hoigrová, Milada,  |d 1952-  |7 osa2013777963  |4 aut 
245 1 0 |a Čtyři přirozenosti duše, aneb, Jak jsem smiřovala Freuda, Junga, Kleinovou a Piageta a našla Boha /  |c Milada Hoigrová 
246 3 0 |a Jak jsem smiřovala Freuda, Junga, Kleinovou a Piageta a našla Boha 
246 1 8 |a Čtyři přirozenosti duše 
250 |a Vyd. 1. 
260 |a Praha :  |b Malvern,  |c 2013 
300 |a 343 s. ;  |c 20 cm 
504 |a Obsahuje bibliografii a bibliografické odkazy 
650 0 7 |a psychoanalýza a náboženství  |7 ph360285  |2 czenas 
650 0 7 |a duše a tělo  |7 ph135234  |2 czenas 
650 0 7 |a archetypy  |7 ph118505  |2 czenas 
650 0 7 |a sebepoznání  |7 ph116116  |2 czenas 
650 0 7 |a duchovní cesta  |7 ph119626  |2 czenas 
650 0 7 |a hermetismus  |7 ph120689  |2 czenas 
650 0 7 |a esoterismus  |7 ph114484  |2 czenas 
650 0 9 |a psychoanalysis and religion  |2 eczenas 
650 0 9 |a soul and body  |2 eczenas 
650 0 9 |a archetypes  |2 eczenas 
650 0 9 |a self-consciousness  |2 eczenas 
650 0 9 |a spiritual path  |2 eczenas 
650 0 9 |a hermetism  |2 eczenas 
650 0 9 |a esoterism  |2 eczenas 
655 7 |a pojednání  |7 fd133056  |2 czenas 
655 9 |a essays  |2 eczenas 
910 2 |a BOA001  |b 1-1257.168 
990 |a BK 
995 |a 01 
991 |b 201406  |c NOV  |e n 
996 6 |b 2610595617  |c 1-1257.168  |l MZK  |r Sklad / do 1 hodiny  |n 1  |p p.v.  |w 001431550  |u 000010  |a 1  |e BOA001  |j MZK50  |s P